000 00585nam a2200193 i 4500
001 137593
003 ES-MaACL
005 20250823105354.0
007 t|
008 070214m19421946mx r ||||1| spa d
100 1 _aSalazar, Adolfo,
_d1890-1958
_9101798
245 1 3 _aLa música en la sociedad europea /
_cAdolfo Salazar.
250 _a1ª ed. española.
260 _aMéxico :
_bEl Colegio,
_c1942-46.
300 _a4 v. :
_bil., mús. ;
_c24 cm.
650 7 _aMúsica y sociedad
_2embne
_9169553
852 _aES-MaACL
_jB-2285-88
_bR.38939
999 _c137593
_d137593